000 00795nam a2200241Ia 4500
003 OSt
005 20220926022548.0
006 a|||||r|||| 00| 0
007 ta
008 220923b |||||||| |||| 00| 0 eng d
037 _cGeneral Book
040 _aRTL
_cRTL
_beng
041 _2eng
_aeng
082 _aX:551:1:N5, H7
110 _aUnited Nations, International Commodity Arrangements (Interim Coordinating Committee)
_9327982
245 0 _aReview of international commodity arrangements
260 _aNew York
_bUnited Nations USA
_c1947
300 _a58p.
_ccm.
650 _aTrade
700 _aUnited Nations, International Commodity Arrangements (Interim Coordinating Committee)
_9327983
942 _hX:551:1:N5, H7
_cGB
_2CC
999 _c639767
_d639767